00467nam a2200157 a 4500008004100000020001500041050002200056100002700078245007600105260003000181300002200211350000900233650002200242650002700264650001800291081126s2006 ||||||||||||||||| || u a0749446374 aHF 5549.5.C53 Exc aPassmore, Jonathan, ed10aExcellence in coaching: the industry guidecedited by Jonathan Passmore aLondon:bKogan Pagec2006 axvii, 222p.: ill. a0.00 aMANAGEMENT SKILLS aEMPLOYEES--COACHING OF aORGANIZATIONS